| 000 | 006830000a22002650004500 | ||
|---|---|---|---|
| 440 | _aPublic sector governance and accountability series | ||
| 650 | _aPublic administration | ||
| 650 | _aLocal finance | ||
| 650 | _aCorruption | ||
| 650 | _aFinancial management | ||
| 650 | _aTax administration | ||
| 650 | _aPublic finance | ||
| 082 |
_a352.48214 _bW893L _cUN |
||
| 518 | _a2007-9-23 | ||
| 530 | _aM | ||
| 100 | _aShaw, Anwar, ed. | ||
| 110 |
_aWorld Bank _cWashington, DC, USAA |
||
| 245 | _aLocal budgeting | ||
| 020 | _a0-8213-6945-8 | ||
| 260 |
_aWorld Bank _bWashington, DC, USAA |
||
| 260 | _c2007 | ||
| 300 | _axxii, 381p. | ||
| 041 | _aEng | ||
| 942 | _cGEN | ||
| 999 |
_c42100 _d42100 |
||